| 000 | 00607nam a2200217Ia 4500 | ||
|---|---|---|---|
| 005 | 20250425161225.0 | ||
| 008 | 250425s9999 xx 000 0 und d | ||
| 020 | _a0316928518 | ||
| 041 | _aeng | ||
| 082 | _a001.64 | ||
| 100 | _aWEINBERG, GERALD M. | ||
| 245 | 0 | _aINSTRUCTOR S MANUAL TO ACCOMPANY COMPUTER INFORMATION SYSTEMS: AN INTRODUCTION TO DATA PROCESSING | |
| 250 | _aS.E. | ||
| 260 | _aBOSTON | ||
| 260 |
_aEstados Unidos _bLITTLE, BROWN AND COMPANY _c1985 |
||
| 300 | _a155 | ||
| 650 | _aPROCESAMIENTO DE DATOS | ||
| 650 | _aSISTEMAS DE INFORMACION | ||
| 942 | _c01 | ||
| 010 | _a15546 | ||
| 999 |
_c204921 _d204921 |
||